[Event "Lichtenrader Herbst 2013"]
[Site "Berlin GER"]
[Date "2013.10.01"]
[Round "4.16"]
[White "Wecker,Martin"]
[Black "Stern,R"]
[Result "0-1"]
[WhiteElo "2055"]
[BlackElo "2509"]

1.Nf3 d5 2.c4 e6 3.b3 Nf6 4.g3 Be7 5.Bg2 O-O 6.O-O c5 7.e3 Nc6 8.Bb2 b6 9.Qe2 Bb7
10.Rd1 dxc4 11.bxc4 Qc7 12.Nc3 Rac8 13.Rac1 a6 14.d4 cxd4 15.exd4 Na5 16.d5 Qxc4
17.d6 Qxe2 18.Nxe2 Rxc1 19.Bxc1 Rd8 20.Be3 Nc4 21.Rc1 Rxd6 22.Rxc4 Rd1+ 23.Bf1 Bxf3
24.Nd4 Be4 25.Rc8+ Bf8 26.Nc6 Nd7 27.Ne7+ Kh8 28.Rd8 h6 29.Nc8 Bf5 30.Kg2 Be4+
31.Kg1 Bd3 32.Rxd7 Rxf1+ 33.Kg2 Rd1 34.Nxb6 Kg8 35.Rc7 Bb4 36.Nd7 Kh7 37.Nc5 Bf1+
38.Kf3 Rd5 39.g4 h5 40.g5 Kg6 41.h4 Bb5 42.a4 Bxc5 43.Rxc5 Rxc5 44.Bxc5 Bxa4
45.Ke4 f6 46.f4 Bc2+ 47.Ke3 fxg5 48.fxg5 Kf5 49.Bd4 g6 50.Bc3 e5 51.Ba5 Ke6
52.Kd2 Bf5 53.Bc7 Kd5 54.Kc3 e4 55.Kb4 Kd4 56.Bb6+ Kd3 57.Kc5 e3 58.Ba5 e2
59.Kd5 Kc2  0-1

[Event "TCh-AUT 2nd Mitte 2013-14"]
[Site "Fuerstenfeld AUT"]
[Date "2013.10.06"]
[Round "3.1"]
[White "Schreiner,Pe"]
[Black "Kovacs,Ga2"]
[Result "1/2-1/2"]
[WhiteElo "2460"]
[BlackElo "2459"]

1.Nf3 d5 2.c4 e6 3.g3 Nf6 4.Bg2 Be7 5.O-O O-O 6.d4 dxc4 7.Ne5 Nc6 8.Nxc6 bxc6
9.Na3 Bxa3 10.bxa3 Nd5 11.Qa4 Nb6 12.Qxc6 Rb8 13.Qc5 Bb7 14.e4 Qd6 15.Bf4 Qxc5
16.dxc5 Na4 17.Rfc1 Ba6 18.Bf1 Nxc5 19.Bxc4 Rfc8 20.Be3 Bxc4 21.Rxc4 Nd7
22.Bxa7 Ra8 23.Be3 Rxa3 24.Rac1 c5 25.Bxc5 Rxa2 26.Bd6 Rxc4 27.Rxc4 Ra8 28.Bf4 Kf8
29.Rc2 h6 30.Kg2 Nf6 31.f3  1/2-1/2

[Event "3rd Holuj-Radzikowska Mem"]
[Site "Wroclaw POL"]
[Date "2013.10.06"]
[Round "9.4"]
[White "Guramishvili,S"]
[Black "Atalik,E"]
[Result "1/2-1/2"]
[WhiteElo "2431"]
[BlackElo "2433"]

1.Nf3 d5 2.c4 c6 3.e3 Nf6 4.Qc2 g6 5.b3 Bg7 6.Bb2 Bf5 7.d3 dxc4 8.bxc4 c5
9.Be2 O-O 10.O-O Nc6 11.a3 Re8 12.Ne5 Qc7 13.Nxc6 Qxc6 14.Nc3 Rad8 15.Nd5 Bc8
16.Bf3 Nxd5 17.Bxg7 Kxg7 18.cxd5 Qd6 19.Qc3+ f6 20.d4 cxd4 21.Qxd4 e5 22.Qxa7 e4
23.Be2 Qxd5 24.Rac1 Qe5 25.Qb6 Kh8 26.Rc5 Qd6 27.Rb1 Qxb6 28.Rxb6 Rd2 29.Bf1 f5
30.Rc7 Rd1 31.h4 Ra1 32.h5 Be6 33.Rbxb7 Bg8 34.h6 g5 35.Rg7 f4 36.Rbe7 Rf8
37.exf4 e3 38.fxe3 gxf4 39.e4 f3 40.g4 Rxa3 41.Kf2 Ra2+ 42.Kg3 Ra1 43.Bc4 f2
44.Rxg8+ Rxg8 45.Kxf2 Rf8+ 46.Ke3 Rg1 47.Be6 Rh1 48.g5 Rg1 49.Rg7 Rxg5 50.Rxg5 Rf3+
51.Ke2 Re3+ 52.Kd2 Rd3+ 53.Ke2 Re3+ 54.Kf2 Rf3+ 55.Kg2 Rg3+ 56.Rxg3  1/2-1/2

[Event "Chigorin Memorial"]
[Site "St Petersburg RUS"]
[Date "2013.10.07"]
[Round "3.53"]
[White "Belov,Nikita"]
[Black "Kozionov,Kirill"]
[Result "0-1"]
[WhiteElo "2108"]
[BlackElo "2368"]

1.Nf3 d5 2.c4 d4 3.b4 f6 4.Bb2 e5 5.e3 dxe3 6.fxe3 Bxb4 7.a3 Bd6 8.Nc3 Nh6
9.Qb3 Nc6 10.d4 Nf5 11.Ne4 exd4 12.exd4 Bf4 13.c5 Ne3 14.g3 Qe7 15.gxf4 Qxe4
16.Kf2 Ng4+ 17.Kg3 Ne7 18.Re1 Nf5+ 19.Kg2 Nfe3+ 20.Kg3 Kd8 21.h3 Nf5+ 22.Kg2 Nge3+
23.Kf2 Re8 24.Bd3 Qd5 25.Qxd5+ Nxd5 26.Rxe8+ Kxe8 27.Re1+ Kf7 28.Bc1 Nfe7
29.Bd2 Bxh3 30.Rh1 Bf5 31.Bxf5 Nxf5 32.Rxh7 Nh6  0-1

[Event "23rd EYCC Open U18 2013"]
[Site "Budva MNE"]
[Date "2013.10.08"]
[Round "9.11"]
[White "Doros,R"]
[Black "Hovsepyan,David"]
[Result "0-1"]
[WhiteElo "2334"]
[BlackElo "2001"]

1.Nf3 d5 2.c4 e6 3.g3 Nf6 4.Bg2 dxc4 5.Qa4+ c6 6.Qxc4 b5 7.Qc2 Bb7 8.Nc3 Nbd7
9.O-O Be7 10.d3 O-O 11.b3 Rc8 12.a4 a6 13.e4 Qb6 14.Be3 c5 15.Rad1 Rfd8 16.Qb2 Ng4
17.Bc1 Nde5 18.Ne1 Nc6 19.h3 Nge5 20.Be3 Nb4 21.Qb1 Bf6 22.axb5 axb5 23.Ne2 Nec6
24.f4 Nd4 25.Nc1 Ra8 26.e5 Bxg2 27.Kxg2 Be7 28.Rf2 Ra7 29.Ne2 Nd5 30.Bd2 Rda8
31.Nf3 Ra1 32.Qxa1 Rxa1 33.Rxa1 Nxb3 34.Ra2 g6 35.Rb2 Nxd2 36.Nxd2 Qc6 37.Kh2 Nb4
38.Rf3 Qa6 39.Ne4 Qa3 40.Rd2 c4 41.N2c3 Nxd3 42.Nxb5 Qa5 43.Nbc3 Bb4 44.Ra2 Qd8
45.Rf1 Kg7 46.Re2 Qd4 47.Rb1 h5 48.h4 Bxc3 49.Nxc3 Nxf4 50.gxf4 Qxf4+ 51.Kg2 Qg4+
52.Kf1 Qf5+ 53.Rf2 Qh3+ 54.Kg1 Qxc3 55.Rd1 Qg3+ 56.Kf1 Qh3+ 57.Ke2 Qg4+ 58.Ke1 Qe4+
59.Kf1 Qc6 60.Rd4 c3 61.Rc2  0-1

[Event "23rd EYCC Open U16 2013"]
[Site "Budva MNE"]
[Date "2013.10.08"]
[Round "9.12"]
[White "Christiansen,Johan-Sebastian"]
[Black "Bratkovic,Sham"]
[Result "1-0"]
[WhiteElo "2218"]
[BlackElo "2023"]

1.Nf3 d5 2.c4 c6 3.g3 Nf6 4.Bg2 dxc4 5.Na3 Nbd7 6.Nxc4 Nb6 7.b3 h6 8.O-O Bf5
9.Ba3 g6 10.Na5 Nbd7 11.b4 Qb6 12.Qa4 Bg7 13.Nc4 Qc7 14.Ne3 Be4 15.d3 Bd5
16.Nxd5 Nxd5 17.Rac1 O-O 18.Qb3 Qb6 19.Nd2 N5f6 20.Rc2 Rac8 21.Rfc1 Ne5 22.Nc4 Nxc4
23.Rxc4 a6 24.Bb2 Ne8 25.Bxg7 Kxg7 26.a4 Nd6 27.Rc5 Kg8 28.h4 h5 29.Bf3 Nf5
30.Bxh5 Nd4 31.Qc4 Ne6 32.Re5 gxh5 33.Rxe6 fxe6 34.Qxe6+ Kg7 35.Rc5 Rf6 36.Qxe7+  1-0

[Event "Chigorin Memorial"]
[Site "St Petersburg RUS"]
[Date "2013.10.09"]
[Round "5.113"]
[White "Bezobrazov,L"]
[Black "Glazov,A"]
[Result "0-1"]
[WhiteElo "1648"]
[BlackElo "1900"]

1.Nf3 d5 2.c4 c6 3.b3 Nd7 4.Bb2 Ngf6 5.g3 Qc7 6.d4 e6 7.Bg2 Bb4+ 8.Nbd2 Ne4
9.O-O f5 10.e3 Ndf6 11.a3 Bd6 12.Ne5 g5 13.cxd5 exd5 14.Nxe4 dxe4 15.f3 exf3
16.Bxf3 h5 17.Rc1 Bxe5 18.dxe5 Ng4 19.Qd4 Be6 20.b4 Rd8 21.Qc3 Qb6 22.Bxg4 hxg4
23.Qc5 Qxc5 24.bxc5 Rd2 25.Bc3 Rdxh2  0-1

[Event "Chinese Teams 2013"]
[Site "Qingdao CHN"]
[Date "2013.10.10"]
[Round "11.2"]
[White "Bu Xiangzhi"]
[Black "Ni Hua"]
[Result "1/2-1/2"]
[WhiteElo "2667"]
[BlackElo "2671"]

1.Nf3 d5 2.c4 c6 3.d4 Nf6 4.e3 a6 5.Bd3 Bg4 6.Nbd2 e6 7.O-O Nbd7 8.b3 Bf5
9.Qc2 Bxd3 10.Qxd3 Be7 11.e4 dxe4 12.Nxe4 O-O 13.Rd1 Qc7 14.Bb2 Rfd8 15.Nxf6+ Bxf6
16.Qe2 c5 17.Rd2 cxd4 18.Bxd4 Bxd4 19.Rxd4 Nf6 20.Rad1 Rxd4 21.Rxd4 Rd8 22.Qd2 Rxd4
23.Qxd4 Qd7 24.Kf1 Qxd4 25.Nxd4 Kf8 26.Ke2 Ke7 27.f4 Nd7 28.Ke3 a5 29.a3 g6
30.Nf3 Nc5 31.Nd4 Nd7 32.Nf3 Nc5 33.Nd4 Nd7 34.Ke4  1/2-1/2

[Event "7th Univ Cent Open 2013"]
[Site "Bogota COL"]
[Date "2013.10.11"]
[Round "3.38"]
[White "Perez Esparza,Juan Carlos"]
[Black "Becerra,J"]
[Result "0-1"]
[WhiteElo "1823"]
[BlackElo "2224"]

1.Nf3 d5 2.c4 e6 3.g3 Nf6 4.Bg2 c6 5.d4 Bd6 6.c5 Bc7 7.b4 a5 8.Bd2 Ne4 9.O-O Nd7
10.bxa5 e5 11.e3 Nxd2 12.Nbxd2 e4 13.Ne1 Nf6 14.f3 exf3 15.Nexf3 O-O 16.Qc2 Re8
17.Rae1 Bg4 18.Nh4 Bxa5 19.h3 Bh5 20.Bf3 Bxf3 21.Rxf3 Ne4 22.Nxe4 dxe4 23.Rff1 Bxe1
24.Rxe1 g6 25.Re2 Ra3 26.Ng2 Qa5 27.Rf2 Qb4 28.Kh2 f5 29.Qb2 Qxb2 30.Rxb2 Rea8
31.Rxb7 Rxa2 32.g4 Rf2 33.Kg3 Raa2 34.Nf4 g5 35.Rb8+ Kf7 36.Rb7+ Ke8 37.gxf5 gxf4+
38.exf4 Rf3+ 39.Kg4 Rg2+ 40.Kh4 Rxf4+ 41.Kh5 Rxf5+ 42.Kh6 Rg6+ 43.Kxh7 Rf7+  0-1

[Event "TCh-ISL Div1 2013-14"]
[Site "Reykjavik ISL"]
[Date "2013.10.11"]
[Round "2.2"]
[White "Johannesson,I"]
[Black "Bjornsson,T"]
[Result "1-0"]
[WhiteElo "2371"]
[BlackElo "2143"]

1.Nf3 d5 2.c4 e6 3.g3 Nf6 4.Bg2 Nbd7 5.b3 Be7 6.O-O O-O 7.Bb2 b6 8.Nc3 Bb7
9.e3 c5 10.Qe2 dxc4 11.bxc4 Ne4 12.Nxe4 Bxe4 13.d3 Bb7 14.e4 Qc7 15.Rae1 Rad8
16.Bc3 e5 17.Bh3 Bf6 18.Rd1 Nb8 19.Ne1 Nc6 20.Nc2 Nd4 21.Nxd4 cxd4 22.Bd2 Be7
23.f4 exf4 24.Bxf4 Qc6 25.Bg2 Bc5 26.Rf2 Qe6 27.Rdf1 Rde8 28.Qh5 f6 29.Bc1 Qe5
30.Rf5 Qe7 31.R5f2 Qe5 32.Qh4 Qe7 33.Kh1 a5 34.Bh3 Bc8 35.Bxc8 Rxc8 36.Qg4 Rce8
37.Rf5 Bd6 38.Rd5 Rd8 39.Rxd4 Be5 40.Rd5 Rxd5 41.cxd5 Qc5 42.Bd2 Qc2 43.Bh6 Qc7
44.Qe6+ Kh8 45.Rc1 Qb8 46.Bd2 Re8 47.Qd7 Rd8 48.Qf5 a4 49.Bb4 h6 50.Kg2 b5
51.Rc6 Qa7 52.Rc8 Rxc8 53.Qxc8+ Kh7 54.Bc5 Qa5 55.Qf5+ Kh8 56.Qc8+ Kh7 57.Qf5+ Kh8
58.d4 b4 59.Qc8+ Kh7 60.Qf5+ Kh8 61.Qc8+ Kh7 62.dxe5 b3 63.Qf5+ Kh8 64.Qc8+ Kh7
65.axb3 Qd2+ 66.Kh3 axb3 67.Qf5+ Kh8 68.Qc8+ Kh7 69.Qf5+ Kh8 70.exf6  1-0

[Event "TCh-ISL Div1 2013-14"]
[Site "Reykjavik ISL"]
[Date "2013.10.11"]
[Round "2.3"]
[White "Gislason,G"]
[Black "Sigfusson,S"]
[Result "0-1"]
[WhiteElo "2322"]
[BlackElo "2320"]

1.Nf3 d5 2.c4 c6 3.e3 Nf6 4.Nc3 e6 5.Qc2 Nbd7 6.b3 Be7 7.Bb2 a6 8.Be2 b5
9.O-O O-O 10.Rac1 Bb7 11.d4 dxc4 12.bxc4 bxc4 13.Bxc4 c5 14.Rfd1 Qc7 15.Na4 Rfc8
16.Be2 Be4 17.Qd2 Ng4 18.h3 Ngf6 19.Ba3 Bc6 20.Nxc5 Nxc5 21.dxc5 Ne4 22.Qe1 Bf6
23.Bd3 Rd8 24.Nd4 Bd5 25.Rc2 g6 26.Nb3 Qc6 27.Na5 Ng5 28.f4 Bf3 29.Rdd2 Bxg2
30.fxg5 Bxg5 31.Rxg2 Rxd3 32.Qc1 Qf3 33.Rcf2 Bxe3  0-1

[Event "35th Arco Open 2013"]
[Site "Arco ITA"]
[Date "2013.10.12"]
[Round "1.20"]
[White "Trauth,M"]
[Black "Salati,P"]
[Result "1-0"]
[WhiteElo "2182"]
[BlackElo "1849"]

1.Nf3 d5 2.c4 d4 3.e3 c5 4.b4 dxe3 5.fxe3 cxb4 6.Be2 Nf6 7.O-O e6 8.d4 Be7
9.a3 O-O 10.axb4 Bxb4 11.Qb3 Ba5 12.Ba3 Re8 13.Nc3 a6 14.Rfd1 Qb6 15.Qc2 Nc6
16.Ne4 Qd8 17.Nd6 Ng4 18.Qd3 e5 19.Nxe8 Qxe8 20.Ng5 g6 21.Ne4 Bf5 22.Bxg4 Bxe4
23.Qxe4 f5 24.Qd5+ Kg7 25.Bd6 fxg4 26.Rxa5  1-0

[Event "7th Univ Cent Open 2013"]
[Site "Bogota COL"]
[Date "2013.10.12"]
[Round "5.52"]
[White "Abril,M"]
[Black "Sarmiento Tobon,Luis"]
[Result "1-0"]
[WhiteElo "2005"]
[BlackElo "1788"]

1.Nf3 d5 2.c4 Nf6 3.cxd5 Qxd5 4.Nc3 Qd8 5.e4 e6 6.d4 Bb4 7.Bd3 O-O 8.O-O Be7
9.Re1 g6 10.Bg5 Re8 11.Qd2 Nh5 12.Bxe7 Qxe7 13.e5 c6 14.g4 Ng7 15.Qh6 f6
16.exf6 Qxf6 17.Ng5 Qxd4 18.Nce4 Nd7 19.Qxh7+ Kf8 20.Rad1 Nf6 21.Qxg6 Qd7
22.Nxf6 Qe7 23.Ngh7+  1-0

[Event "TCh-BEL 2013-14"]
[Site "Belgium BEL"]
[Date "2013.10.13"]
[Round "3.6"]
[White "Van Mechelen,J"]
[Black "Hommerson,P"]
[Result "1/2-1/2"]
[WhiteElo "2166"]
[BlackElo "2248"]

1.Nf3 d5 2.c4 dxc4 3.Na3 Bg4 4.Ne5 Bh5 5.Qa4+ c6 6.Qxc4 Nd7 7.Nxd7 Qxd7 8.g3 Nf6
9.Bg2 e5 10.Qc2 Bb4 11.Nc4 O-O 12.a3 Bc5 13.d3 Rfe8 14.O-O Bg6 15.Be3 Bxe3
16.Nxe3 e4 17.dxe4 Nxe4 18.Rad1 Qe7 19.Bxe4 Bxe4 20.Qc3 Rad8 21.Rxd8 Rxd8
22.Rd1 Rxd1+ 23.Nxd1 Bd5 24.Ne3 Be6 25.Qe5 Qd8  1/2-1/2

[Event "TCh-FIN SM 2013-14"]
[Site "Oulu FIN"]
[Date "2013.10.13"]
[Round "4.4"]
[White "Virtanen,A"]
[Black "Tuononen,J"]
[Result "1/2-1/2"]
[WhiteElo "2334"]
[BlackElo "2077"]

1.Nf3 d5 2.c4 c6 3.e3 Nf6 4.Nc3 a6 5.Qc2 e6 6.b3 Nbd7 7.Bb2 b5 8.d4 Bd6 9.Bd3 O-O
10.O-O dxc4 11.bxc4 bxc4 12.Bxc4 c5 13.Rad1 Qc7 14.Ne4 Nxe4 15.Qxe4 Rb8 16.Ba1 Rb4
17.Bd3 Nf6 18.Qh4 cxd4 19.Rc1 Qe7 20.exd4 h6 21.Bc4 Bb7 22.Ne5 Nd5 23.Qxe7 Bxe7
24.Bb3 Nf4 25.Nc6 Bd6 26.Nxb4 Ne2+ 27.Kh1 Nxc1 28.Rxc1 Bxb4 29.Rc7 Bd5 30.f3 Rb8
31.Kg1 Bd6 32.Rc3 Bxb3 33.Rxb3 Rxb3 34.axb3 Kf8 35.Bc3 h5 36.h3 Ke7 37.Kf2 Kd7
38.Ke3 g6 39.Kd3 Kc6 40.Kc4 Be7  1/2-1/2

[Event "TCh-ISL Div1 2013-14"]
[Site "Reykjavik ISL"]
[Date "2013.10.13"]
[Round "5.5"]
[White "Gislason,G"]
[Black "Halldorsson,Br"]
[Result "1-0"]
[WhiteElo "2322"]
[BlackElo "2160"]

1.Nf3 d5 2.c4 c6 3.e3 Nf6 4.b3 Bf5 5.Bb2 e6 6.Be2 h6 7.O-O Nbd7 8.Nd4 Bh7
9.f4 Bd6 10.cxd5 cxd5 11.Nf3 Qe7 12.Nc3 a6 13.a3 O-O 14.b4 b5 15.Qe1 e5 16.fxe5 Nxe5
17.Nxe5 Qxe5 18.Qh4 Qe6 19.Rxf6 Qxf6 20.Qxf6 gxf6 21.Nxd5 Be5 22.d4 Bd6 23.Nxf6+ Kg7
24.d5 Rfd8 25.Rf1 Ra7 26.Bd4 Rb7 27.Bh5 Bg6 28.Ng4+ Kh7 29.Bxg6+ fxg6 30.Nf6+ Kg7
31.e4 Bf8 32.e5 g5 33.d6 Kg6 34.Nd5 Rf7 35.Rc1 Bxd6 36.Bb6 Bxe5 37.Bxd8 Rd7
38.Rd1 Rxd8 39.Ne7+ Kf6 40.Rxd8 Kxe7 41.Ra8  1-0

[Event "Chigorin Memorial"]
[Site "St Petersburg RUS"]
[Date "2013.10.13"]
[Round "9.18"]
[White "Arslanov,S"]
[Black "Hovhannisyan,R"]
[Result "0-1"]
[WhiteElo "2405"]
[BlackElo "2599"]

1.Nf3 d5 2.c4 c6 3.e3 Nf6 4.Nc3 e6 5.b3 Bd6 6.Bb2 O-O 7.Qc2 e5 8.cxd5 cxd5
9.Nb5 Nc6 10.Nxd6 Qxd6 11.d4 Nb4 12.Qd1 e4 13.Ne5 Ne8 14.a3 f6 15.Nc4 dxc4
16.axb4 Qxb4+ 17.Qd2 Qxb3 18.Ra3 Qb5 19.Ra5 Qb6 20.Bxc4+ Be6 21.Rb5 Qc6 22.Bxe6+ Qxe6
23.Rxb7 Qa6 24.Qb4 Nd6 25.Rd7 Nf7 26.Rb7 Nd6 27.Rd7 Rfd8 28.Qb3+ Kh8 29.Rxd8+ Rxd8
30.f3 Qa5+ 31.Bc3 Qg5 32.Kf2 Qh4+ 33.Ke2 exf3+ 34.gxf3 Nf5 35.e4 Ng3+ 36.hxg3 Qxh1
37.Kf2 Qh2+ 38.Ke3 Qxg3 39.d5 h5 40.Ba5 Rb8 41.Qc3 Qg1+ 42.Kd2 Qf2+ 43.Kc1 Qa2
44.Bb4 a5  0-1

[Event "Chigorin Memorial"]
[Site "St Petersburg RUS"]
[Date "2013.10.13"]
[Round "9.46"]
[White "Nezad,H"]
[Black "Vunder,A"]
[Result "1-0"]
[WhiteElo "2388"]
[BlackElo "2245"]

1.Nf3 d5 2.c4 e6 3.g3 dxc4 4.Bg2 c6 5.O-O Nf6 6.a4 Nbd7 7.Qc2 e5 8.Qxc4 Nc5
9.Ng5 Qc7 10.d4 exd4 11.Bf4 Qe7 12.Nd2 Be6 13.Qc2 a5 14.Nxe6 Nxe6 15.Bxc6+ Kd8
16.Bf3 Nxf4 17.gxf4 Qc7 18.Qf5 Qd7 19.Qd3 Bc5 20.Nc4 Ng4 21.Rac1 Ra6 22.f5 h5
23.Bxg4 hxg4 24.Ne5 Qd5 25.Rxc5 Qxc5 26.Nxf7+ Ke7 27.Nxh8 Rh6 28.Qe4+ Kd7
29.Rd1  1-0

[Event "Chigorin Memorial"]
[Site "St Petersburg RUS"]
[Date "2013.10.13"]
[Round "9.33"]
[White "Yagupov,I"]
[Black "Gorozhanin,M"]
[Result "1-0"]
[WhiteElo "2432"]
[BlackElo "2315"]

1.Nf3 d5 2.c4 c6 3.d4 e6 4.Qc2 dxc4 5.Qxc4 b5 6.Qc2 Bb7 7.e4 Nd7 8.a4 a6
9.axb5 cxb5 10.Nbd2 Rc8 11.Qb1 Bb4 12.Bd3 g5 13.O-O g4 14.Ne1 h5 15.Nc2 Bf8
16.Ne3 Ne7 17.Rd1 Nc6 18.Nb3 Nb4 19.Bf1 Bh6 20.Bd2 Bxe3 21.Bxb4 Bf4 22.g3 Bg5
23.Bg2 h4 24.Nc5 Nxc5 25.dxc5 Qc7 26.Qd3 h3 27.Bh1 Qc6 28.Qe2 Be7 29.Qxg4 Bxc5
30.Qg7 Rh5 31.Rac1 Qb6 32.Rxc5 Rcxc5 33.Bf3 Rhg5 34.Qh8+ Ke7 35.Qxh3 a5 36.Bxc5+ Qxc5
37.Qh8 Qb6 38.Qb8 e5 39.Rc1 Kd7 40.Bg2 Rh5 41.h4 Rh6 42.Bh3+ Ke7 43.Rc7+ Kf6
44.Qxb7 Qd4 45.Rxf7+  1-0

[Event "TCh-SUI 2013"]
[Site "Switzerland SUI"]
[Date "2013.10.13"]
[Round "9.7"]
[White "Gloor,R"]
[Black "Schaerer,J"]
[Result "1-0"]
[WhiteElo "2340"]
[BlackElo "2294"]

1.Nf3 d5 2.c4 c6 3.e3 Nf6 4.Nc3 g6 5.d4 Bg7 6.Be2 O-O 7.O-O dxc4 8.Bxc4 Bg4
9.Be2 Nbd7 10.e4 Bxf3 11.Bxf3 e5 12.d5 cxd5 13.exd5 Re8 14.Be3 b6 15.Rc1 a6
16.d6 e4 17.Be2 Bf8 18.Qd4 Re6 19.Bf4 b5 20.a4 Nb6 21.axb5 axb5 22.Nxb5 Nfd5
23.Bg3 Rc8 24.Rxc8 Qxc8 25.Nc7 Bg7 26.Qd1 Nxc7 27.dxc7 Bf8 28.Qb3 Rc6 29.Rd1 Be7
30.h3 Kg7 31.Be5+ Bf6 32.Bg4 Qb7 33.Bxf6+ Kxf6 34.c8=Q  1-0

[Event "TCh-SUI 2013"]
[Site "Switzerland SUI"]
[Date "2013.10.13"]
[Round "9.3"]
[White "Zueger,B"]
[Black "Georgiadis,N"]
[Result "1/2-1/2"]
[WhiteElo "2397"]
[BlackElo "2394"]

1.Nf3 d5 2.c4 e6 3.b3 c5 4.g3 Nc6 5.Bg2 Nf6 6.O-O Be7 7.e3 O-O 8.Bb2 Qb6
9.Qe2 dxc4 10.Qxc4 Bd7 11.Nc3 a6 12.Qe2 Rfd8 13.Rac1 Qa7 14.d4 cxd4 15.Nxd4 Nxd4
16.exd4 Bb4 17.d5 Bxc3 18.Bxc3 Bb5 19.Qb2 Bxf1 20.Rxf1 exd5 21.Bxf6 gxf6
22.Qxf6 Qc5 23.Qg5+ Kh8 24.Qf6+ Kg8 25.Qg5+ Kh8 26.Qf6+  1/2-1/2

[Event "TCh-Belgrade Premier liga 2013"]
[Site "Belgrade SRB"]
[Date "2013.10.14"]
[Round "3.6"]
[White "Jovic,A"]
[Black "Podinic,B"]
[Result "1-0"]
[WhiteElo "2388"]
[BlackElo "2304"]

1.Nf3 d5 2.c4 e6 3.g3 Nf6 4.Bg2 Be7 5.O-O O-O 6.d3 Nc6 7.a3 e5 8.cxd5 Nxd5
9.Nc3 Be6 10.Bd2 a5 11.Rc1 Nxc3 12.Bxc3 f6 13.Qc2 a4 14.e3 Bd5 15.Qe2 Na5
16.Rfd1 Nb3 17.Rb1 c5 18.d4 cxd4 19.exd4 e4 20.Ne1 f5 21.Nc2 Rc8 22.Ne3 Bxa3
23.Qb5 Be6 24.bxa3 Rxc3 25.Qxa4 Qa5 26.Qb4 Qxb4 27.axb4 Rfc8 28.d5 Bd7 29.Bf1 Kf8
30.d6 Be6 31.Nd5 Bxd5 32.Rxd5 g6 33.d7 Rd8 34.Bb5 Ke7 35.Rdd1 e3 36.fxe3 Ra8
37.Ba4 Nc1 38.Rbxc1 Rxc1 39.d8=Q+  1-0

[Event "SPICE Cup Open 2013"]
[Site "St Louis USA"]
[Date "2013.10.16"]
[Round "2.5"]
[White "Shabalov,A"]
[Black "Sevian,Samuel"]
[Result "1-0"]
[WhiteElo "2520"]
[BlackElo "2393"]

1.Nf3 d5 2.c4 c6 3.b3 Bf5 4.Bb2 e6 5.g3 Nf6 6.Bg2 Nbd7 7.O-O Qb6 8.d3 dxc4
9.e4 Bg4 10.e5 c3 11.Bxc3 Nd5 12.Bb2 Nc5 13.Na3 Qa6 14.Nc4 Bf5 15.Ba3 b5
16.d4 bxc4 17.Bxc5 Bxc5 18.dxc5 Bd3 19.Re1 Nb4 20.Nd4 Rd8 21.a3 Nd5 22.bxc4 Bxc4
23.Qg4 Ne7 24.Qxg7 Rf8 25.Red1 Bd5 26.Qxh7 Bxg2 27.Kxg2 Qc4 28.Rac1 Qd5+
29.Nf3 Qxd1 30.Rxd1 Rxd1 31.Ng5 Rd4 32.Ne4 Nf5 33.Nd6+ Nxd6 34.cxd6 Rd5 35.Qg7 Rb5
36.d7+ Ke7 37.Qxf8+ Kxf8 38.d8=Q+  1-0

[Event "Indonesia Open 2013"]
[Site "Jakarta INA"]
[Date "2013.10.17"]
[Round "11.43"]
[White "Pitra,Andika"]
[Black "Khairul,A"]
[Result "1/2-1/2"]
[WhiteElo "2276"]
[BlackElo "2301"]

1.Nf3 d5 2.c4 c6 3.d4 Nf6 4.Nc3 dxc4 5.a4 Bf5 6.e3 e6 7.Bxc4 Bb4 8.O-O Nbd7
9.Qe2 Bg6 10.e4 O-O 11.e5 Nd5 12.Ne4 c5 13.Bg5 Qb6 14.Bb5 Nb8 15.Bc4 Nd7
16.Bb5 Nb8 17.Bc4 Nd7 18.Bb5 Nb8 19.Bc4 Nd7  1/2-1/2

[Event "Indonesia Open 2013"]
[Site "Jakarta INA"]
[Date "2013.10.17"]
[Round "11.37"]
[White "Mahmud,S"]
[Black "Pham Le Thao Nguyen"]
[Result "1-0"]
[WhiteElo "2252"]
[BlackElo "2389"]

1.Nf3 d5 2.c4 c6 3.d4 Nf6 4.Nc3 dxc4 5.a4 Bf5 6.Ne5 Nbd7 7.Nxc4 Qc7 8.g3 e5
9.dxe5 Nxe5 10.Bf4 Nfd7 11.Bg2 f6 12.O-O Nc5 13.e4 Bg6 14.Nxe5 fxe5 15.Be3 Be7
16.Rc1 a5 17.h4 Bf7 18.Qg4 O-O 19.f4 b6 20.f5 Kh8 21.Kh2 Bb3 22.Qf3 Qb7 23.g4 Rad8
24.g5 Nd3 25.Qh5 Nxc1 26.Bxc1 Bg8 27.Bh3 Qc7 28.f6 Bc5 29.Bf5 Rd7 30.Rf3 Qd8
31.f7 Rfxf7 32.Bxh7 Bxh7 33.g6 Qg8 34.gxf7 Qb8 35.Qg4 Rd8 36.Rg3 Bf8 37.Bg5 Rd6
38.Be7 Rd2+ 39.Kh1 Rf2 40.Qe6 Rf4 41.Rd3 Bg6 42.Rd8 Qxd8 43.Bxd8 Bxf7 44.Qxe5 Rf3
45.Be7 Bxe7 46.Qxe7 Kh7 47.Kg1 Rf6 48.e5 Rg6+ 49.Kf2 Bc4 50.Ne4 Rg4 51.Ke3 Kh6
52.Qd6+ Rg6 53.Qd8 Rg2 54.Qxb6 Bd5 55.Nc3  1-0

[Event "SPICE Cup Open 2013"]
[Site "St Louis USA"]
[Date "2013.10.17"]
[Round "4.17"]
[White "Eckert,D"]
[Black "Finegold,Spencer"]
[Result "1-0"]
[WhiteElo "2247"]
[BlackElo "2132"]

1.Nf3 d5 2.c4 c6 3.g3 Bg4 4.Ne5 Bf5 5.Bg2 e6 6.cxd5 exd5 7.O-O Nf6 8.d3 Nbd7
9.Nf3 Be7 10.Nc3 O-O 11.h3 h6 12.Re1 Bh7 13.a3 a5 14.b3 Nc5 15.Bb2 d4 16.Nb1 Ne6
17.Nbd2 Rc8 18.Rc1 c5 19.b4 cxb4 20.Rxc8 Qxc8 21.axb4 Bxb4 22.Nxd4 Nxd4 23.Bxd4 Bf5
24.Kh2 Be6 25.Rf1 Nd5 26.Nf3 b5 27.e4 Ne7 28.Qa1 f6 29.Bb2 Qa6 30.Nd4 Bf7
31.f4 a4 32.Nc2 Ba5 33.Ne3 Bb6 34.Ng4 Bh5 35.Ba3 Re8 36.d4 Bxg4 37.hxg4 Qc8
38.Qa2+ Kh8 39.Qf7 Ng8 40.Rc1 Qb8 41.d5 Ba5 42.Bd6 Qd8 43.e5 fxe5 44.fxe5 b4
45.Be4  1-0

[Event "35th Arco Open 2013"]
[Site "Arco ITA"]
[Date "2013.10.18"]
[Round "7.5"]
[White "Ivanov,MM"]
[Black "Bonagura,S"]
[Result "1/2-1/2"]
[WhiteElo "2347"]
[BlackElo "2183"]

1.Nf3 d5 2.c4 c6 3.g3 Nf6 4.Bg2 g6 5.b3 Bg7 6.Bb2 O-O 7.d3 Bg4 8.Nbd2 Bxf3
9.Nxf3 Qa5+ 10.Qd2 Qxd2+ 11.Nxd2 e6 12.Rb1 a5 13.a3 Nbd7 14.e3 b5 15.cxb5 cxb5
16.Ke2 Rfc8 17.Rhc1 Rab8 18.f4 Ne8 19.Bxg7 Kxg7 20.Nf3 b4 21.a4 Rc3 22.Kd2 Nc5
23.Rxc3 bxc3+ 24.Kxc3 Nxa4+ 25.Kc2 Nc5 26.Nd4 Nd6 27.Ra1 Rc8 28.Ra3 Nf5 29.Nxf5+ gxf5
30.Kd2 Na6 31.Ra2 Nb4 32.Rb2 h5 33.d4 h4 34.gxh4 Kh6 35.Bf3 f6 36.h5  1/2-1/2

[Event "TCh-Belgrade Premier liga 2013"]
[Site "Belgrade SRB"]
[Date "2013.10.18"]
[Round "7.2"]
[White "Vujadinovic,M"]
[Black "Grbic,M"]
[Result "1/2-1/2"]
[WhiteElo "2177"]
[BlackElo "2296"]

1.Nf3 d5 2.c4 c6 3.b3 Nf6 4.Bb2 Bf5 5.g3 Nbd7 6.Bg2 e6 7.O-O Bd6 8.Nh4 Be4
9.Bxe4 Nxe4 10.d3 Nef6 11.Nd2 O-O 12.Qc2 Qe7 13.Rae1 Bb4 14.e4 dxe4 15.dxe4 Rfd8
16.Re2 Nc5 17.e5 Ng4 18.h3 Nh6 19.Ne4 Nxe4 20.Qxe4 Rd7 21.Bc1 Rad8 22.Bxh6 gxh6
23.Nf3 Rd3 24.Kg2 a5 25.Qf4 Kg7 26.Qg4+ Kh8 27.Qf4 Kg7 28.Qg4+ Kh8 29.Qf4  1/2-1/2

[Event "3rd Central Asia Cup"]
[Site "Dushanbe TJK"]
[Date "2013.10.18"]
[Round "7.7"]
[White "Kabilov,Amin"]
[Black "Egin,V"]
[Result "0-1"]
[WhiteElo "2153"]
[BlackElo "2403"]

1.Nf3 d5 2.c4 dxc4 3.Na3 a6 4.Nxc4 b5 5.Ne3 Bb7 6.g3 Nf6 7.Bg2 e6 8.b3 Be7
9.Bb2 c5 10.Rc1 Nbd7 11.O-O O-O 12.d4 Rc8 13.dxc5 Nxc5 14.Qd4 Qxd4 15.Nxd4 Nce4
16.Rfd1 Bb4 17.Nf1 Rfd8 18.e3 Ba8 19.Ne2 Ba5 20.Bd4 Rxc1 21.Rxc1 Nd7 22.a3 e5
23.Ba7 f5 24.g4 fxg4 25.Rd1 Ndf6 26.Rc1 Bd5 27.b4 Ra8 28.Bc5 Bd8 29.Rd1 Bb7
30.Rc1 Rc8 31.Nd2 Ba8 32.Nxe4 Bxe4 33.Rd1 Bxg2 34.Kxg2 Kf7 35.Ng3 g6 36.Rd6 Be7
37.Rxa6 Bxc5 38.bxc5 h5 39.Ra7+ Ke6 40.h4 gxh3+ 41.Kxh3 Kd5 42.Ra6 Rc6 43.Ra7 Kxc5
44.Re7 Kd5 45.Rb7 Kc4 46.Ra7 Ng4 47.Kg2 Kc5 48.e4 Rf6 49.f3 Ne3+ 50.Kf2 Nc4
51.Nf1 Kd4 52.Ke2 h4 53.Ne3 Nxe3 54.Rd7+ Kc4 55.Kxe3 Ra6 56.Rc7+ Kb3 57.Rc5 Rxa3
58.Rxe5 Kc4+ 59.Kf4 b4 60.Re8 b3 61.Rc8+ Kd3 62.Rd8+ Kc2 63.Rc8+ Kd2 64.Rd8+ Kc1
65.Rc8+ Kb1 66.e5 b2 67.e6 Ka1 68.e7 b1=Q 69.Kg4 Qf5+ 70.Kxh4 Qxc8 71.f4 Qe8  0-1

[Event "SPICE Cup Open 2013"]
[Site "St Louis USA"]
[Date "2013.10.18"]
[Round "7.3"]
[White "Molner,M"]
[Black "Corrales Jimenez,F"]
[Result "1/2-1/2"]
[WhiteElo "2493"]
[BlackElo "2575"]

1.Nf3 d5 2.c4 c6 3.e3 Nf6 4.Nc3 e6 5.b3 Nbd7 6.Qc2 Bd6 7.Bb2 O-O 8.Be2 a6
9.d4 c5 10.cxd5 exd5 11.dxc5 Nxc5 12.O-O Be6 13.b4 Ncd7 14.a3 Rc8 15.Rad1 Ne5
16.Qb1 Nc4 17.Rc1 b5 18.Rfd1 Qb6 19.Rd4 a5 20.Bxc4 Rxc4 21.Rxc4 dxc4 22.bxa5 Qxa5
23.Rd1 Be7 24.Nd4 Bg4 25.Nc6 Qc7 26.Nxe7+ Qxe7 27.Nd5 Nxd5 28.Rxd5 Bd7 29.Qd1 Bc6
30.Qd4 f6 31.Rd6 Rc8 32.f3 Be8 33.Bc3 Rc7 34.e4 Rd7 35.Qd5+ Qf7 36.Rxd7 Bxd7  1/2-1/2

[Event "35th Arco Open 2013"]
[Site "Arco ITA"]
[Date "2013.10.19"]
[Round "8.18"]
[White "Dappiano,A"]
[Black "Di Lazzaro,G"]
[Result "1-0"]
[WhiteElo "2170"]
[BlackElo "1936"]

1.Nf3 d5 2.c4 d4 3.b4 c5 4.bxc5 Nc6 5.d3 e5 6.g3 Bxc5 7.Bg2 Qa5+ 8.Nbd2 Bb4
9.O-O Bc3 10.Nb3 Qa4 11.Rb1 Qxa2 12.Bd2 Qa3 13.Bxc3 dxc3 14.Qc2 Nf6 15.Qxc3 Qe7
16.Na5 Nxa5 17.Qxa5 Nd7 18.Rb5 f6 19.Nd2 Nb8 20.Bd5 Nc6 21.Qa4 Nd4 22.Rxb7+ Bd7
23.Qd1 Qd8 24.e3 Ne6 25.Qg4 f5 26.Qxf5 Rf8 27.Qh5+ Ke7 28.Qxe5  1-0